Znane osoby z polskimi korzeniami #1 - Statystyki

Ogólne statystyki
  • Ten quiz został rozwiązany 26 razy
  • Średni wynik to 3 z 7
Statystyki odpowiedzi
Opis Nazwisko % Poprawnych
Amerykański muzyk, frontman zespołu Guns N’ Roses. Jego babka pochodziła z Polski. Axl Rose
65%
Duński piłkarz występujący na pozycji bramkarza, legenda Manchesteru United, z którym w 1999 roku triumfował w Lidze Mistrzów, złoty medalista Mistrzostw Europy 1992. Jego ojciec jest Polakiem, drugie imię (Bolesław) nadano piłkarzowi dla uczczenia pamięci pradziadka. Peter Schmeichel
60%
Angielski pisarz i publicysta, autor takich książek jak "Jądro ciemności", "Lord Jim" czy "Nostromo". Znany pod zangielszczoną wersją swoich polskich imion. Jest synem polskiego działacza niepodległościowego i społecznego, pisarza Apollona Korzeniowskiego oraz Ewy z Bobrowskich. Joseph Conrad
55%
Amerykańskie rodzeństwo, duet reżyserski, producencki i pisarski. Na swoim koncie mają przede wszystkim serię "Matrix", a także film "V jak vendetta". Ich ojciec, Ron, był biznesmenem o polskich korzeniach. Lana i Lilly Wachowski
45%
Amerykański producent i wynalazca kosmetyków, założyciel przedsiębiorstwa kosmetycznego, które nazwał skróconą wersją swojego polskiego imienia i nazwiska. Pracował jako charakteryzator aktorów w Hollywood. Swoje wyroby nazwał "make-up", co szybko stało powszechnym określeniem. W 1929 roku otrzymał Oscara za charakteryzację. Urodził się w Zduńskiej Woli jako syn Cyrli z domu Wrocławskiej i Abrahama Joska. Max Factor Sr. (Maksymilian Faktorowicz)
30%
Francuska aktorka, otrzymała Oscara za drugoplanową rolę w "Angielskim pacjencie", wystąpiła także w "Czekoladzie" i u Krzysztofa Kieślowskiego w filmie "Trzy kolory. Niebieski". Jej matka, reżyserka teatralna Monique Stalens, urodziła się w Częstochowie, a ona sama jest honorową obywatelką tego miasta. Juliette Binoche
20%
Amerykańska aktorka, kojarzona głównie z komediami romantycznymi z przełomu wieku: "Bezsenność w Seattle", "Masz wiadomość", "Kate i Leopold". Jej ojciec, Harry Hyra, ma polskie korzenie. Meg Ryan
20%
Nie znaleziono quizów pasujących do podanych kryteriów
Rozkład punktacji
Procent ludzi z każdym wynikiem
Percentyl według liczby udzielonych odpowiedzi
Twoja historia wyników
Nie rozwiązałeś tego quizu